<?xml version="1.0" encoding="UTF-8"?>
<record
    xmlns:xsi="http://www.w3.org/2001/XMLSchema-instance"
    xsi:schemaLocation="http://www.loc.gov/MARC21/slim http://www.loc.gov/standards/marcxml/schema/MARC21slim.xsd"
    xmlns="http://www.loc.gov/MARC21/slim">

  <leader>01609    a2200217   4500</leader>
  <controlfield tag="001">58662</controlfield>
  <controlfield tag="005">20260407155842.0</controlfield>
  <controlfield tag="008">260407a1979    arg                 spa d</controlfield>
  <controlfield tag="003">AR-UNSa-BCEJYS</controlfield>
  <datafield tag="040" ind1=" " ind2=" ">
    <subfield code="a">AR-UNSa-BCEJYS</subfield>
    <subfield code="b">spa</subfield>
    <subfield code="c">AR-UNSa-BCEJYS</subfield>
  </datafield>
  <datafield tag="080" ind1=" " ind2=" ">
    <subfield code="a">369(094.5)</subfield>
    <subfield code="x">Legislaci&#xF3;n de Previsi&#xF3;n Social</subfield>
  </datafield>
  <datafield tag="245" ind1="1" ind2="0">
    <subfield code="a">Leyes de previsi&#xF3;n social</subfield>
  </datafield>
  <datafield tag="264" ind1=" " ind2="1">
    <subfield code="a">Buenos Aires :</subfield>
    <subfield code="b">Ediciones Contabilidad Moderna</subfield>
    <subfield code="c">1979</subfield>
  </datafield>
  <datafield tag="300" ind1=" " ind2=" ">
    <subfield code="a">2 v. (516 ; 523 p.)</subfield>
    <subfield code="c">26 cm.</subfield>
  </datafield>
  <datafield tag="505" ind1=" " ind2=" ">
    <subfield code="a">1. Constituci&#xF3;n nacional y normas generales &#x2013; 2. R&#xE9;gimen para trabajadores en relaci&#xF3;n de dependencia &#x2013; 3. R&#xE9;gimen para trabajadores aut&#xF3;nomos &#x2013; 4. Normas reglamentarias generales &#x2013; 5. Reg&#xED;menes especiales &#x2013; 6. Reg&#xED;menes generales anteriores &#x2013; 7. Afiliaci&#xF3;n y aportes &#x2013; 8. Convenios de corresponsabilidad gremial &#x2013; 9. Determinaci&#xF3;n, monto y pago de los beneficios &#x2013; 10. Pensiones no contributivas &#x2013; 11. Tramitaci&#xF3;n de los beneficios &#x2013; 12. R&#xE9;gimen contencioso &#x2013; 13. Retiros y pensiones militares y de fuerzas de seguridad &#x2013; 14. Deudas con las cajas, moratorias. Planes de pago  - 15. Servicios sociales, asignaciones familiares y subsidio por sepelio &#x2013; 16. Fiscalizaci&#xF3;n y sanciones &#x2013; 17. Organizaci&#xF3;n administrativa &#x2013; 18. Cartas, declaraciones y convenciones internacionales &#x2013; 19.  Constituci&#xF3;n y convenios de la organizaci&#xF3;n internacional del trabajo &#x2013; 20. Acuerdos internacionales de reciprocidad &#x2013; 21. Jurisprudencia</subfield>
  </datafield>
  <datafield tag="041" ind1=" " ind2=" ">
    <subfield code="a">spa</subfield>
  </datafield>
  <datafield tag="942" ind1=" " ind2=" ">
    <subfield code="c">BK</subfield>
  </datafield>
  <datafield tag="590" ind1=" " ind2=" ">
    <subfield code="a">niveau_biblio:m niveau_hierar:0</subfield>
  </datafield>
  <datafield tag="100" ind1="1" ind2=" ">
    <subfield code="a">Podetti, Humbero A.</subfield>
  </datafield>
  <datafield tag="700" ind1="1" ind2=" ">
    <subfield code="a">Fern&#xE1;ndez Madrid, Juan Carlos</subfield>
  </datafield>
  <datafield tag="999" ind1=" " ind2=" ">
    <subfield code="c">6480</subfield>
    <subfield code="d">6480</subfield>
  </datafield>
  <datafield tag="952" ind1=" " ind2=" ">
    <subfield code="0">0</subfield>
    <subfield code="1">0</subfield>
    <subfield code="4">0</subfield>
    <subfield code="7">0</subfield>
    <subfield code="a">BCEJYS</subfield>
    <subfield code="b">BCEJYS</subfield>
    <subfield code="c">16</subfield>
    <subfield code="d">2026-04-07</subfield>
    <subfield code="l">0</subfield>
    <subfield code="o">RJ369(094.5) P742 v.1</subfield>
    <subfield code="p">L87220</subfield>
    <subfield code="r">2026-04-07 15:58:42</subfield>
    <subfield code="w">2026-04-07</subfield>
    <subfield code="y">L</subfield>
  </datafield>
  <datafield tag="952" ind1=" " ind2=" ">
    <subfield code="0">0</subfield>
    <subfield code="1">0</subfield>
    <subfield code="4">0</subfield>
    <subfield code="7">0</subfield>
    <subfield code="a">BCEJYS</subfield>
    <subfield code="b">BCEJYS</subfield>
    <subfield code="c">16</subfield>
    <subfield code="d">2026-04-07</subfield>
    <subfield code="l">0</subfield>
    <subfield code="o">RJ369(094.5) P742 v.2</subfield>
    <subfield code="p">L87221</subfield>
    <subfield code="r">2026-04-07 15:58:42</subfield>
    <subfield code="w">2026-04-07</subfield>
    <subfield code="y">L</subfield>
  </datafield>
</record>
